000 00559nam a2200229Ia 4500
003 OSt
005 20221005131215.0
006 a|||||r|||| 00| 0
007 ta
008 221004b |||||||| |||| 00| 0 kan d
024 _a61585
037 _cTextual
040 _aCRL
_cCRL
_bkan
041 _2kan
_akan
082 _aQ234w, 33J1
100 _aHalakatti Au.
_9630552
245 0 _aShiva charana charitre
260 _c1951
650 _aRELIGION
942 _hQ234w, 33J1
_cTEXL
_2cc
999 _c1059650
_d1059650